| 000 | 00698na a2200241 4500 | ||
|---|---|---|---|
| 001 | 14867 | ||
| 003 | MIRAKIL | ||
| 005 | 20181213155027.0 | ||
| 008 | 161028b tu 000 0 | ||
| 020 | _a9786055622213 | ||
| 035 | _a14867 | ||
| 040 |
_aMilas _btur _cTR-AnCHP |
||
| 041 | _atur | ||
| 082 |
_a320.9561092 _bK71e 2010 |
||
| 090 | _a320.9561092 K71e 2010 | ||
| 100 | _aKüçükkaya, Turan | ||
| 245 |
_aEl-Mustafa gül ve diken _cTuran Küçükkaya ; editör Yıldız Aktaş |
||
| 260 |
_aİstanbul _bYayın B _c2010 |
||
| 300 |
_a256 s. _bfotğ. _c20 sm. |
||
| 600 |
_aSarıgül, Mustafa _d1956- _xEleştiriler |
||
| 650 |
_aSiyasetçiler _xEleştiriler _zTürkiye |
||
| 942 |
_2ddc _cBKS |
||
| 999 |
_c5096 _d5096 |
||